书目信息 |
| 题名: |
为爱而驱动的马达
|
|
| 作者: | 阿森 , 纳生·阿森 著 ;陈天舒 译 | |
| 分册: | ||
| 出版信息: | 长春 吉林人民出版社 2005 |
|
| 页数: | 67页 | |
| 开本: | 20cm | |
| 丛书名: | 美利坚《教你创业》丛书 | |
| 单 册: | ||
| 中图分类: | F279.712.3 | |
| 科图分类: | ||
| 主题词: | 工商企业--企业管理--经验--美国 , 工商企业 , 企业管理 | |
| 电子资源: | ||
| ISBN: | 7-206-03408-X | |
| 000 | 01197oam2 2200325 45 | |
| 001 | 012005200238 | |
| 005 | 20061218145210.09 | |
| 010 | @a7-206-03408-X@dCNY8.00 | |
| 092 | @aCN@b471164 | |
| 100 | @a20051010d2005 em y0chiy0121 ea | |
| 101 | 1 | @achi@ceng |
| 102 | @aCN@b220000 | |
| 105 | @aa z 000yy | |
| 200 | 1 | @a为爱而驱动的马达@Awei ai er qu dong de ma da@e把问题变为产品的人@f(美)纳生·阿森著@F(mei)na sheng·a sen zhu@g陈天舒译@Gchen tian shu yi |
| 210 | @a长春@c吉林人民出版社@d2005 | |
| 215 | @a67页@c图@d20cm | |
| 225 | 2 | @a美利坚《教你创业》丛书 |
| 300 | @a荣膺美国图联书评荣誉奖 号角图书奖 美国图书馆年鉴奖等多项大奖 | |
| 330 | @a书中没有多讲大道理,说的都是著名公司、著名产品、大发明家、大企业家的真实故事,又是从他们创业之初说起的。 | |
| 461 | 0 | @12001 @a美利坚《教你创业》丛书 |
| 517 | 1 | @a把问题变为产品的人@9ba wen ti bian wei chan pin de ren |
| 606 | 0 | @a工商企业@x企业管理@x经验@y美国 |
| 606 | 0 | @a工商企业 |
| 606 | 0 | @a企业管理 |
| 690 | @aF279.712.3@v4 | |
| 701 | 1 | @a阿森@9a sen@b纳生@4著 |
| 701 | 0 | @a纳生·阿森@Ana sheng·a sen@4著 |
| 702 | 0 | @a陈天舒@9chen tian shu@4译 |
| 801 | 0 | @aCN@bLZJBOOK@c20061218 |
| 905 | @a10447@dF279.712.3@e365:3 | |
| 为爱而驱动的马达:把问题变为产品的人/(美)纳生·阿森著/陈天舒译.-长春:吉林人民出版社,2005 |
| 67页:图;20cm.-(美利坚《教你创业》丛书) |
| 荣膺美国图联书评荣誉奖 号角图书奖 美国图书馆年鉴奖等多项大奖 |
| ISBN 7-206-03408-X:CNY8.00 |
| 书中没有多讲大道理,说的都是著名公司、著名产品、大发明家、大企业家的真实故事,又是从他们创业之初说起的。 |
| ● |
| 相关链接 |
|
|
|
|
正题名:为爱而驱动的马达
索取号:F279.712.3/365:3
 
预约/预借
| 序号 | 登录号 | 条形码 | 馆藏地/架位号 | 状态 | 备注 |
| 1 | 0556001 | 205560016 | 第一样本阅览室/ [索取号:F279.712.3/365:3] | 在馆 | |
| 2 | 0556002 | 205560025 | 第一借阅区/ [索取号:F279.712.3/365:3] | 在馆 | |
| 3 | 0556003 | 205560034 | 第一借阅区/ [索取号:F279.712.3/365:3] | 在馆 | |
| 4 | 0556004 | 205560043 | 密集书库/ [索取号:F279.712.3/365:3] | 在馆 | |
| 5 | 0556005 | 205560052 | 第一借阅区/ [索取号:F279.712.3/365:3] | 在馆 | |
| 6 | 0556006 | 205560061 | 密集书库/ [索取号:F279.712.3/365:3] | 在馆 | |
| 7 | 0556007 | 205560070 | 密集书库/ [索取号:F279.712.3/365:3] | 在馆 | |
| 8 | 0556008 | 205560089 | 密集书库/ [索取号:F279.712.3/365:3] | 在馆 |